[Event "78th ch-BUL 2014"]
[Site "Kozloduy BUL"]
[Date "2014.05.10"]
[Round "1.4"]
[White "Nikolov,Mo"]
[Black "Georgiev,Ki"]
[Result "1/2-1/2"]
[WhiteElo "2523"]
[BlackElo "2632"]

1.d4 Nf6 2.c4 e6 3.Nc3 Bb4 4.Qc2 O-O 5.a3 Bxc3+ 6.Qxc3 d6 7.g3 e5 8.dxe5 dxe5
9.Bg2 Re8 10.Nf3 e4 11.Nd4 c5 12.Nc2 Nc6 13.Bg5 Qa5 14.Bxf6 gxf6 15.b4 cxb4
16.axb4 Qe5 17.Ra3 Be6 18.O-O f5 19.Rfa1 a6 20.e3 Qxc3 21.Rxc3 Red8 22.Bf1 Rac8
23.Be2 Kg7 24.Kf1 Kf6 25.b5 axb5 26.cxb5 Ne5 27.Rxc8 Rxc8 28.Nd4 Nd7 29.Ke1 Nc5
30.Kd2 Nb3+ 31.Nxb3 Bxb3 32.Rc1 Rxc1 33.Kxc1 Ke5 34.Kb2 Be6 35.Kc3 Kd5 36.Kb4 b6
37.Bc4+ Kd6 38.Be2 h6 39.Bh5 Ke5 40.Be2 Kd6 41.Bh5  1/2-1/2

[Event "78th ch-BUL 2014"]
[Site "Kozloduy BUL"]
[Date "2014.05.11"]
[Round "2.2"]
[White "Georgiev,Ki"]
[Black "Kolev,At1"]
[Result "1-0"]
[WhiteElo "2632"]
[BlackElo "2579"]

1.d4 d5 2.c4 e5 3.dxe5 d4 4.Nf3 Nc6 5.Nbd2 Nge7 6.Nb3 Nf5 7.e4 dxe3 8.Qxd8+ Nxd8
9.fxe3 Be7 10.Bd3 Nh4 11.Kf2 Nxf3 12.gxf3 Bh4+ 13.Kg2 Nc6 14.f4 g5 15.Rg1 Be6
16.Nd4 O-O-O 17.Nxe6 fxe6 18.Be2 gxf4 19.exf4 Nd4 20.Bg4 h5 21.Bd1 Nf5 22.Be2 Nd4
23.Kf1 Nf5 24.Rg6 Kd7 25.Bd2 Ke7 26.Rd1 Kf7 27.Rg2 Nd4 28.Bd3 Rhg8 29.Rxg8 Kxg8
30.Be3 Nf5 31.Bg1  1-0

[Event "78th ch-BUL 2014"]
[Site "Kozloduy BUL"]
[Date "2014.05.12"]
[Round "3.5"]
[White "Dimitrov,R"]
[Black "Georgiev,Ki"]
[Result "1-0"]
[WhiteElo "2445"]
[BlackElo "2632"]

1.e4 c5 2.Nc3 Nc6 3.f4 g6 4.Nf3 Bg7 5.Bb5 Nd4 6.O-O Nxb5 7.Nxb5 d5 8.e5 d4
9.c3 Bd7 10.Na3 Bc8 11.Nb5 Bd7 12.Na3 dxc3 13.dxc3 Nh6 14.Qe2 O-O 15.Be3 Qc7
16.h3 b6 17.g4 f6 18.Qc4+ Nf7 19.Rad1 Qc6 20.Rxd7 Qxd7 21.e6 Qe8 22.exf7+ Qxf7
23.Qxf7+ Kxf7 24.Kf2 Rfd8 25.Ke2 Rd5 26.c4 Rd7 27.Nb5 e6 28.g5 Kg8 29.gxf6 Bxf6
30.Ne5 Rdd8 31.Nc3 Re8 32.Ne4 Be7 33.Rd1 Rad8 34.Rxd8 Rxd8 35.Nc6 Rd7 36.a3 Kf8
37.b4 cxb4 38.axb4 Rc7 39.b5 Ke8 40.Ng5 Ba3 41.Nxe6 Rd7 42.Bd4 Bd6 43.Be5 h6
44.Ke3 Bxe5 45.fxe5 Rd1 46.Ke4 g5 47.Nxa7 Kd7 48.Nd4 h5 49.e6+ Ke8 50.Nc8 g4
51.hxg4 hxg4 52.Nf5 Re1+ 53.Kd5 Kd8 54.Ncd6 g3 55.Nxg3 Rd1+ 56.Ke5  1-0

[Event "78th ch-BUL 2014"]
[Site "Kozloduy BUL"]
[Date "2014.05.13"]
[Round "4.1"]
[White "Danov,Lyubomir"]
[Black "Georgiev,Ki"]
[Result "0-1"]
[WhiteElo "2257"]
[BlackElo "2632"]

1.b3 e5 2.Bb2 Nc6 3.e3 Nf6 4.Bb5 Bd6 5.Na3 Na5 6.Be2 a6 7.c4 O-O 8.Nc2 Re8
9.d3 c5 10.g4 Re6 11.g5 Ne8 12.Bg4 Qxg5 13.Bxe6 dxe6 14.Nf3 Qf6 15.Nd2 Bc7
16.Rg1 b5 17.Ne4 Qe7 18.Qh5 Bb7 19.Bxe5 Bxe4 20.dxe4 Bxe5 21.Qxe5 bxc4 22.Qc3 cxb3
23.axb3 Nc6 24.Ke2 g6 25.Rgd1 a5 26.Ne1 Nf6 27.f3 Rc8 28.Ng2 Nd7 29.Kf2 Nde5
30.f4 Ng4+ 31.Kg1 e5 32.Qc4 Nf6 33.f5 Kg7 34.Rac1 Nb4 35.fxg6 hxg6 36.Qb5 Nxe4
37.Qxa5 Qe6 38.Rc4 Ng5 39.Rf1 Nd3 40.Qc3 Nh3+ 41.Kh1 Ndf2+ 42.Rxf2 Nxf2+
43.Kg1 Nh3+ 44.Kh1 Rd8 45.Qa1 Nf2+ 46.Kg1 Rd1+  0-1

[Event "78th ch-BUL 2014"]
[Site "Kozloduy BUL"]
[Date "2014.05.14"]
[Round "5.5"]
[White "Georgiev,Ki"]
[Black "Enchev,I"]
[Result "1-0"]
[WhiteElo "2632"]
[BlackElo "2437"]

1.d4 Nf6 2.c4 c6 3.Bf4 Qb6 4.b3 e5 5.Bxe5 Bb4+ 6.Nd2 Ne4 7.Nf3 f6 8.c5 Qa5
9.Bxb8 Rxb8 10.a3 Bc3 11.b4 Qd8 12.Rc1 d6 13.Qb3 Nxd2 14.Qxc3 Ne4 15.Qe3 f5
16.Nd2 O-O 17.Nxe4 fxe4 18.cxd6 Qxd6 19.g3 a5 20.bxa5 Ra8 21.Bg2 Rd8 22.O-O Qxd4
23.Qg5 Rd5 24.Qh4 Bf5 25.Rb1 Rdxa5 26.Rxb7 Rxa3 27.Qe7 Qf6 28.Bxe4 Bxe4 29.Qxe4 Rf8
30.Re7 Rc3 31.Kg2 Rc5 32.Re8 h6 33.Rxf8+ Qxf8 34.Rd1 Qf5 35.Rd8+ Kh7 36.Qxf5+ Rxf5
37.f4 Rc5 38.Kf3 g5 39.Rd7+ Kg6 40.Rd6+ Kg7 41.e4 Rc2 42.h4  1-0

[Event "78th ch-BUL 2014"]
[Site "Kozloduy BUL"]
[Date "2014.05.15"]
[Round "6.2"]
[White "Arnaudov,G"]
[Black "Georgiev,Ki"]
[Result "0-1"]
[WhiteElo "2464"]
[BlackElo "2632"]

1.d4 Nf6 2.c4 e6 3.Nc3 Bb4 4.Qc2 b6 5.e4 c5 6.e5 cxd4 7.a3 Bxc3+ 8.bxc3 Ng8
9.cxd4 Bb7 10.Ne2 d6 11.Ng3 dxe5 12.dxe5 Ne7 13.Bd3 Nd7 14.Qc3 Nxe5 15.Bc2 f6
16.f4 N5g6 17.O-O O-O 18.Bb2 Qc7 19.Qe3 e5 20.fxe5 Nxe5 21.Bxe5 Qxe5 22.Qxe5 fxe5
23.Rfe1 Nc6 24.Be4 Rad8 25.Bd5+ Kh8 26.Re3 g6 27.Rae1 Rd7 28.Nf1 Kg7 29.Nd2 Nd4
30.Rxe5 Bxd5 31.Rxd5 Rfd8 32.Rxd7+ Rxd7 33.Nb1 Rc7 34.Kf2 Rxc4 35.Re7+ Kh6
36.Rxa7 Rc2+ 37.Ke3 Nf5+ 38.Kf4 Rf2+ 39.Ke5 Rxg2 40.Nc3 Rxh2 41.Ne4 Re2 42.Kf4 Ng7
43.Kf3 Re1 44.Rb7 Ra1 45.Kg4 Nh5 46.Ra7 Rf1 47.Nd6 Rf4+ 48.Kh3 Nf6 49.Rb7 Ne4
50.Nf7+ Rxf7  0-1

[Event "78th ch-BUL 2014"]
[Site "Kozloduy BUL"]
[Date "2014.05.16"]
[Round "7.4"]
[White "Georgiev,Ki"]
[Black "Cheparinov,I"]
[Result "1/2-1/2"]
[WhiteElo "2632"]
[BlackElo "2686"]

1.Nf3 Nf6 2.c4 g6 3.g3 Bg7 4.Bg2 O-O 5.Nc3 d5 6.cxd5 Nxd5 7.O-O Nc6 8.d4 Nb6
9.d5 Na5 10.Qc2 c6 11.dxc6 Nxc6 12.Rd1 Qe8 13.Be3 Bf5 14.Qc1 Rd8 15.Bh6 e5
16.Bxg7 Kxg7 17.Rxd8 Qxd8 18.Qe3 f6 19.Qc5 Rf7 20.Rd1 Rd7 21.Rxd7+ Qxd7 22.b3 Be6
23.h4 Nc8 24.Qe3 N8e7 25.Qd2 Qxd2 26.Nxd2 f5 27.e4 b6 28.Bf1 Kf6 29.f3 h5
30.Bc4 Nd4 31.Kf2 Bd7 32.Ke3 Nc2+ 33.Kd3 Nb4+ 34.Ke3 Nc2+ 35.Kd3 Na3 36.Ke3 f4+
37.gxf4 Nc2+ 38.Kd3 Nb4+ 39.Ke3 Nc2+ 40.Kd3 Nb4+  1/2-1/2

[Event "78th ch-BUL 2014"]
[Site "Kozloduy BUL"]
[Date "2014.05.17"]
[Round "8.3"]
[White "Marholev,D"]
[Black "Georgiev,Ki"]
[Result "0-1"]
[WhiteElo "2348"]
[BlackElo "2632"]

1.e4 c5 2.Nf3 d6 3.d4 cxd4 4.Nxd4 Nf6 5.Nc3 a6 6.Bg5 Nbd7 7.f4 g6 8.a4 Bg7
9.Nb3 b6 10.Be2 Bb7 11.Bf3 O-O 12.O-O Qc7 13.Nd5 Nxd5 14.exd5 Bxb2 15.Bxe7 Rfe8
16.Rb1 Bc3 17.Bg5 Qc4 18.Qd3 Rac8 19.a5 b5 20.Rfd1 Nf6 21.Nd4 Bxd4+ 22.Qxd4 Re1+
23.Kf2 Rf1+ 24.Kg3 Nh5+ 25.Bxh5 Qxd4 26.Rxd4 Rxb1 27.Bf3 Re1  0-1

[Event "78th ch-BUL 2014"]
[Site "Kozloduy BUL"]
[Date "2014.05.18"]
[Round "9.3"]
[White "Georgiev,Ki"]
[Black "Drenchev,P"]
[Result "1-0"]
[WhiteElo "2632"]
[BlackElo "2487"]

1.d4 Nf6 2.c4 g6 3.Nf3 Bg7 4.g3 O-O 5.Bg2 d5 6.O-O dxc4 7.Na3 c3 8.bxc3 c5
9.Qb3 Nc6 10.Rd1 Na5 11.Qb2 Bd7 12.Ne5 Ba4 13.Rd3 Nd7 14.Nxd7 Qxd7 15.dxc5 Qc7
16.Qb4 Bc6 17.Nb5 Bxb5 18.Qxb5 Rac8 19.Be3 Rfd8 20.Rad1 Rxd3 21.exd3 Bxc3
22.d4 Nc6 23.Rd3 a6 24.Qa4 Ba5 25.Bxc6 bxc6 26.Ra3  1-0

[Event "Grand Europe Albena 2014"]
[Site "Albena BUL"]
[Date "2014.06.01"]
[Round "1.3"]
[White "Georgiev,Ki"]
[Black "Haskel,J"]
[Result "1-0"]
[WhiteElo "2644"]
[BlackElo "2241"]

1.d4 Nf6 2.Nf3 b6 3.c4 e6 4.Bf4 Ba6 5.Qa4 Qc8 6.Nc3 Bb7 7.g3 Ne4 8.Rc1 Na6
9.a3 Be7 10.h4 c5 11.d5 Nxc3 12.Rxc3 exd5 13.cxd5 Bxd5 14.Bg2 O-O 15.Qc2 f5
16.O-O Qb7 17.Bh3 Bf6 18.Bxf5 Bxc3 19.bxc3 h6 20.Ne5 d6 21.Bh7+ Kh8 22.Ng6+ Kxh7
23.Nxf8+ Kg8 24.Bxd6 Rxf8 25.Bxf8 Kxf8 26.Qf5+ Ke8 27.Rd1 Bf7 28.Qe5+ Qe7
29.Qxg7 Qc7 30.Rd3  1-0

[Event "Grand Europe Albena 2014"]
[Site "Albena BUL"]
[Date "2014.06.02"]
[Round "2.2"]
[White "Pantev,V"]
[Black "Georgiev,Ki"]
[Result "1/2-1/2"]
[WhiteElo "2427"]
[BlackElo "2644"]

1.d4 Nf6 2.Nf3 e6 3.c4 b6 4.g3 Ba6 5.b3 b5 6.cxb5 Bxb5 7.Bg2 d5 8.O-O Bd6
9.Nc3 Ba6 10.Bf4 O-O 11.Qc2 Nbd7 12.Na4 Bxf4 13.gxf4 Nh5 14.Ng5 g6 15.Nh3 c6
16.Rfe1 Rc8 17.Rac1 Bb5 18.Nc5 Nxc5 19.Qxc5 a5 20.e3 Nf6 21.Ng5 Nd7 22.Qa3 a4
23.Nf3 axb3 24.axb3 Ra8 25.Qd6 Ra6 26.Ra1 Rb6 27.Ra7 c5 28.Qc7 cxd4 29.Nxd4 Qxc7
30.Rxc7 Nf6 31.Ra1 Ne8 32.Re7 Nd6 33.h4 Bd3 34.Bh3 h5 35.Nxe6 Nc8 36.Nxf8 Nxe7
37.Nd7 Rxb3 38.Ne5 Rb1+ 39.Rxb1 Bxb1 40.Bd7 Kf8 41.Nc6 Bf5 42.Nxe7 Kxe7 43.Ba4 Kd6  1/2-1/2

[Event "Grand Europe Albena 2014"]
[Site "Albena BUL"]
[Date "2014.06.03"]
[Round "3.13"]
[White "Georgiev,Ki"]
[Black "Enchev,I"]
[Result "1-0"]
[WhiteElo "2644"]
[BlackElo "2421"]

1.d4 d5 2.Bg5 Nf6 3.Bxf6 exf6 4.e3 c6 5.c4 dxc4 6.Bxc4 Bd6 7.Nc3 O-O 8.Nf3 f5
9.Qc2 Nd7 10.O-O Nf6 11.Rfe1 g6 12.a3 Qe7 13.g3 Bd7 14.Rad1 Rac8 15.Bf1 c5
16.Qb3 Bc6 17.d5 Be8 18.Nd2 Rb8 19.e4 fxe4 20.Ndxe4 Nxe4 21.Nxe4 Bd7 22.Nxc5 Qd8
23.Ne6  1-0

[Event "Grand Europe Albena 2014"]
[Site "Albena BUL"]
[Date "2014.06.04"]
[Round "4.6"]
[White "Drenchev,P"]
[Black "Georgiev,Ki"]
[Result "1/2-1/2"]
[WhiteElo "2487"]
[BlackElo "2644"]

1.Nf3 Nf6 2.c4 e6 3.Nc3 d5 4.d4 dxc4 5.e4 Bb4 6.Bg5 h6 7.Bxf6 Qxf6 8.Bxc4 c5
9.e5 Qe7 10.O-O Bxc3 11.bxc3 O-O 12.Qe2 Bd7 13.Rad1 cxd4 14.cxd4 Bc6 15.d5 Bxd5
16.Bxd5 exd5 17.Rxd5 Nc6 18.Nd4 Rfd8 19.Nxc6 bxc6 20.Rdd1 Rxd1 21.Rxd1 Rd8
22.Rxd8+ Qxd8 23.e6 fxe6 24.Qxe6+ Kh8 25.g4 c5 26.Qc4 Qe7 27.f4 a5 28.Kg2 Qe3
29.h4 Qd2+ 30.Kf3 Qd1+ 31.Kg3 Qe1+ 32.Kh3 Qb4 33.Qf7 Qc3+ 34.Kg2 Qd2+ 35.Kf3 Qd3+
36.Kf2 c4 37.g5 c3 38.f5 Qd4+ 39.Kf3 Qd1+ 40.Kf2 Qd8 41.f6 gxf6 42.g6 Qd4+
43.Kf3 Qd3+ 44.Kf2 Qd2+ 45.Kf3 Qd3+ 46.Kf2 Qd2+ 47.Kf3  1/2-1/2

[Event "Grand Europe Albena 2014"]
[Site "Albena BUL"]
[Date "2014.06.05"]
[Round "5.9"]
[White "Georgiev,Ki"]
[Black "Ashwin,J"]
[Result "1/2-1/2"]
[WhiteElo "2644"]
[BlackElo "2462"]

1.d4 d5 2.Nf3 c6 3.Bf4 Bf5 4.e3 e6 5.c4 Bd6 6.Bg3 Nf6 7.Nc3 O-O 8.Qb3 Bxg3
9.hxg3 Qb6 10.Qxb6 axb6 11.Nh4 dxc4 12.Nxf5 exf5 13.Bxc4 b5 14.Bb3 Nbd7 15.f3 Nb6
16.Kf2 Rfe8 17.Rhe1 g6 18.a3 Rad8 19.Rac1 Re7 20.Ne2 Kg7 21.Nf4 h5 22.Nd3 Rde8
23.Nb4 Rd8 24.Re2 Rde8 25.Ba2 Rd8 26.Rcc2 Rde8 27.Bb3 Rd8 28.Rc3 Rde8 29.Rd2 Rd8
30.Rdd3 Kf8 31.Ke2 Kg7 32.Kd2 Ne4+ 33.fxe4 fxe4 34.Rxc6 bxc6 35.Rc3 Rc7 36.Ke2  1/2-1/2

[Event "Grand Europe Albena 2014"]
[Site "Albena BUL"]
[Date "2014.06.06"]
[Round "6.8"]
[White "Gao Rui"]
[Black "Georgiev,Ki"]
[Result "1/2-1/2"]
[WhiteElo "2487"]
[BlackElo "2644"]

1.e4 e5 2.Nf3 Nc6 3.Bb5 Nf6 4.O-O Nxe4 5.Re1 Nd6 6.Nxe5 Be7 7.Bf1 Nf5 8.Nf3 O-O
9.d4 d5 10.c3 Bd6 11.Bd3 Re8 12.Rxe8+ Qxe8 13.Nbd2 g6 14.Nf1 Nce7 15.Bg5 Kg7
16.Qd2 f6 17.Bf4 Bd7 18.Re1 Qf7 19.Ng3 Bxf4 20.Qxf4 Nd6 21.h4 Re8 22.Nd2 Ng8
23.Rxe8 Qxe8 24.Ngf1 Bb5 25.Qf3 Bxd3 26.Qxd3 Nh6 27.Ne3 Qe6 28.g3 c6 29.Ng2 Nhf5
30.g4 Ne7 31.Qe3 Qxe3 32.Nxe3 h5 33.gxh5 gxh5 34.Kg2 Nef5 35.Nxf5+ Nxf5 36.Kh3 Kg6
37.Nb3 Nd6 38.f3 Kf5 39.Kg3 Nc4 40.Nc5 Nxb2 41.Nxb7 Na4 42.Na5 Nxc3 43.Nxc6 a6
44.a3 Ke6 45.Kf4 Kd6 46.Na5 Nb5 47.Nb3 Nxa3 48.Kf5 Ke7 49.Kg6 Nc4 50.Kxh5 Kf7
51.Kg4 a5 52.Nc5 Ne3+ 53.Kf4 Nc2 54.Na4 Nxd4 55.Nb6 Ke6 56.h5 Ne2+ 57.Ke3 Ng3
58.Kd4 Nf5+ 59.Kc5 d4 60.Kc4 Kd6 61.h6 Nxh6 62.Kxd4 Kc6 63.Nd5 Nf5+ 64.Kc4 Nd6+
65.Kd4 f5 66.Ne7+ Kb5 67.Kc3 a4 68.Ng6 Nc4 69.Ne7 Ne3 70.f4 Kc5 71.Kb2 Kc4
72.Ka3 Kb5 73.Ka2 Ka5 74.Nc6+ Kb6 75.Ne7 Kc5 76.Ka3 Kb5 77.Ka2 Ka6 78.Ka3 Kb5
79.Ka2 Ka5 80.Nc6+ Kb6 81.Ne7 Kb5 82.Kb2 Nc4+ 83.Ka2 Nd6 84.Kb2 Ka5 85.Nc6+ Kb6
86.Ne7 Kc5 87.Ka3 Kb5 88.Kb2 Kc4 89.Ka3 Kb5 90.Kb2 Nc4+ 91.Ka2 Ne3 92.Kb2  1/2-1/2

[Event "Grand Europe Albena 2014"]
[Site "Albena BUL"]
[Date "2014.06.08"]
[Round "8.6"]
[White "Nikolov,Mo"]
[Black "Georgiev,Ki"]
[Result "1/2-1/2"]
[WhiteElo "2518"]
[BlackElo "2644"]

1.d4 Nf6 2.c4 e6 3.Nc3 Bb4 4.Qc2 O-O 5.a3 Bxc3+ 6.Qxc3 d6 7.Nf3 b6 8.g3 Bb7
9.Bg2 Nbd7 10.O-O a5 11.b3 Qe7 12.Bb2 Be4 13.Rac1 Rfd8 14.Rfe1 Rac8 15.Bf1 c5
16.Nd2 cxd4 17.Qxd4 e5 18.Qe3 Bc6 19.Bg2 h6 20.Bxc6 Rxc6 21.Ne4 a4 22.b4 Nxe4
23.Qxe4 Rdc8 24.Qd5 Nf6 25.Qb5 Qa7 26.f4 exf4 27.Bxf6 gxf6 28.gxf4 Rxc4 29.Rxc4 Rxc4
30.Rf1 Kf8 31.Rf3 Re4 32.Kf1 Qc7 33.Qxa4 Qc1+ 34.Kf2 Qh1 35.Qa6 Qxh2+ 36.Ke1 Qg1+
37.Kd2 Qd4+ 38.Ke1 Qg1+ 39.Kd2 Qd4+ 40.Ke1 h5 41.Qc8+ Re8 42.Qf5 Qg1+ 43.Kd2 Qd4+
44.Qd3 Qb2+ 45.Ke1 Re6 46.Kf2 Ke7 47.Re3 Qc1 48.Rxe6+ Kxe6 49.Qe4+ Kd7 50.Qb7+ Ke8
51.Qe4+ Kf8 52.Qd4 Kg7 53.Qxd6 b5 54.e3 Qxa3 55.Qc5 Qa2+ 56.Kf3 Qh2 57.Qxb5 h4
58.Qf1 Qg3+ 59.Ke2 h3 60.Qf2 Qg4+ 61.Qf3 Qh4 62.Qh1 Kf8 63.b5 Qh5+ 64.Kf2 Qxb5  1/2-1/2

[Event "Grand Europe Albena 2014"]
[Site "Albena BUL"]
[Date "2014.06.09"]
[Round "9.8"]
[White "Georgiev,Ki"]
[Black "Arsovic,Z"]
[Result "0-1"]
[WhiteElo "2644"]
[BlackElo "2442"]

1.d4 e6 2.e4 d5 3.Nc3 Nf6 4.Bg5 dxe4 5.Nxe4 Be7 6.Bxf6 gxf6 7.Nf3 f5 8.Nc3 a6
9.g3 b5 10.Bg2 Bb7 11.O-O c5 12.Re1 cxd4 13.Nxd4 Bxg2 14.Kxg2 Ra7 15.Re3 Rd7
16.Rd3 Bf6 17.Nce2 O-O 18.Qd2 Qb6 19.Rd1 Rfd8 20.Kg1 Nc6 21.Nxc6 Rxd3 22.Ne7+ Bxe7
23.cxd3 Bf6 24.b3 Qc6 25.Qe3 Qc2 26.Rd2 Qc6 27.h3 a5 28.Kh2 a4 29.b4 Qd5
30.d4 Qc4 31.a3 Qc6 32.Qh6 Bg7 33.Qg5 Rd7 34.Qf4 h6 35.Qe3 Rd8 36.Rd3 Qe4
37.Qd2 Qc6 38.Nf4 Qc4 39.Ng2 Rxd4 40.Rxd4 Qxd4 41.Qe2 Qb2 42.Qf3 Qb3 43.Qa8+ Bf8
44.Qe8 Qxa3 45.Qxb5 Qxb4 46.Qa6 a3 47.Nf4 Qb2 48.Nd3 Qd4  0-1